| 000 | nam a22 a 4500 | ||
|---|---|---|---|
| 999 |
_c3091 _d3091 |
||
| 005 | 20170519111946.0 | ||
| 008 | 170519b1992 - ||||| |||| 00| 0 eng d | ||
| 020 | _a1560521236 | ||
| 040 | _aAKMAL | ||
| 082 | _a658.3 SHE | ||
| 090 |
_a658.3 _bSHE |
||
| 245 |
_aMENTORING _bHOW TO DEVELOP SUCCESSFUL MENTOR BEHAVIORS _cGORDON F.SHEA |
||
| 260 |
_aUNITED STATES OF AMERICA _bCRISP PUBLICATIONS _c1992 |
||
| 300 |
_a89pg,; _c25 cm |
||
| 650 |
_aMENTORING _96410 |
||
| 942 |
_2ddc _cBOOK |
||